00826cam a22002653a 45000010005000000030006000050050017000110080041000280400015000690420007000840500007000911000031000982450104001292600029002335060030002625160020002926530023003126530021003356530035003568300028003918560041004199420007004609990019004679520074004868699PGUSA20140828083204.0050801s2005||||xxu|||||s|||||000 | eng d aPGUSAbeng adc 4aBV1 aLaurie, Thomas,d1821-189710aWoman and Her Saviour in Persia :bBy a Returned Missionaryh[electronic resource] /cThomas Laurie bProject Gutenberg,c2005 aPublic domain in the USA. aElectronic text aWomen missionaries aMissions -- Iran aChurch of the East -- Missions 0aProject Gutenbergv869940uhttp://www.gutenberg.org/ebooks/8699 cEB c237999d237999 001040aGTBbGTBd2014-08-28l0r2014-08-28 00:00:00w2014-08-28yEB